一駅あたりの面積TOP50・ワースト50-近畿- - Statistics

General Stats
  • This quiz has been taken 11 times
  • The average score is 77 of 100
Answer Stats
順位 面積/駅数(㎢) 自治体名 % Correct
2 342.3 田辺市
100%
9 99.65 豊岡市
100%
13 88.06 南丹市
100%
15 82.5 宇陀市
100%
17 75.77 京丹波町
100%
21 71.63 京丹後市
100%
29 60.25 新温泉町
100%
1 1.02 大阪市
100%
5 2.38 東大阪市
100%
6 2.46 門真市
100%
7 2.54 守口市
100%
13 2.81 田尻町
100%
21 3.04 橿原市
100%
24 3.57 堺市
100%
32 4.53 神戸市
100%
7 115.51 高島市
91%
14 85.08 新宮市
91%
16 80.15 野洲市
91%
18 75.67 長浜市
91%
28 61.65 丹波市
91%
40 48.87 舞鶴市
91%
49 39.47 福知山市
91%
50 38.54 尾鷲市
91%
2 1.88 高石市
91%
11 2.75 大和高田市
91%
12 2.81 柏原市
91%
16 2.96 藤井寺市
91%
20 3.03 香芝市
91%
25 3.79 八尾市
91%
26 3.9 尼崎市
91%
28 3.97 忠岡町
91%
29 4.17 松原市
91%
33 4.54 西宮市
91%
35 4.62 芦屋市
91%
36 4.77 京田辺市
91%
37 4.78 泉大津市
91%
39 5 伊丹市
91%
45 5.43 枚方市
91%
46 5.45 城陽市
91%
48 5.81 太地町
91%
1 351.84 有田川町
82%
19 75.52 丹波篠山市
82%
22 69.42 綾部市
82%
27 62.23 熊野市
82%
35 55.73 守山市
82%
39 50.08 米原市
82%
8 2.57 向日市
82%
9 2.58 吹田市
82%
15 2.93 三郷町
82%
22 3.31 豊中市
82%
31 4.45 川西市
82%
34 4.57 播磨町
82%
41 5.2 宇治市
82%
44 5.32 生駒市
82%
49 5.9 四日市市
82%
3 331.59 日高川町
73%
4 211.46 養父市
73%
10 97.34 五條市
73%
24 67.18 朝来市
73%
32 58.15 すさみ町
73%
34 56.69 松阪市
73%
36 52.52 加東市
73%
45 43.92 佐用町
73%
3 2.03 三宅町
73%
4 2.34 王寺町
73%
14 2.91 明石市
73%
17 2.97 摂津市
73%
30 4.26 交野市
73%
42 5.27 田原本町
73%
43 5.29 羽曳野市
73%
47 5.73 高砂市
73%
50 5.93 川西町
73%
8 108.38 与謝野町
64%
11 90.72 大台町
64%
20 73.75 香美町
64%
26 64.14 紀北町
64%
31 58.33 大紀町
64%
37 50.25 白浜町
64%
43 45.68 高野町
64%
48 39.81 紀宝町
64%
18 2.99 大山崎町
64%
23 3.38 貝塚市
64%
12 90.33 猪名川町
55%
25 65.35 広川町
55%
33 57.37 上富田町
55%
38 50.09 上郡町
55%
44 45.2 相生市
55%
10 2.74 河合町
55%
19 3 朝日町
55%
27 3.97 大阪狭山市
55%
38 4.82 葛城市
55%
40 5.14 精華町
55%
5 135.77 多賀町
45%
6 117.6 日野町
45%
30 60.14 みなべ町
45%
41 46.21 日高町
36%
42 45.79 福崎町
36%
47 40.91 玉城町
36%
23 67.41 神河町
27%
46 41.34 市川町
18%
No matching quizzes found
Score Distribution
Percent of People with Each Score
Percentile by Number Answered
Your Score History
You have not taken this quiz